000 00753cab a2200265 4500
001 WB2847-26
008 090401t1992 xxu||||| |||| 00| 0 eng d
035 _a(Sirsi) u72867
041 _aeng
245 _aHomes fraud rings probed
260 _c1992
350 _a0
490 _aSunday Telegraph
_v29 November 1992, 43-49(2)
520 _aTwo alleged rings of `insider dealers` are being investigated by police for rigging the Brighton and Bedfordshire markets in repossessed houses.
650 _aCONVEYANCING
650 _aCORRUPTION
650 _aESTATE AGENTS
650 _aFRAUD
650 _aINSIDER DEALING
650 _aMORTGAGE FRAUD
650 _aREPOSSESSIONS
690 _aHOUSING
942 _n0
948 _c04/03/1997
999 _c46053
_d46053